Alphabet grec - Associe le nom au symbole - Statistiques

Statistiques générales
  • Ce quiz a été pris 2 160 fois
  • Le résultat moyen est 17 sur 24
Statistiques - réponses
Hint Réponse % Correct
alpha Α / α
92%
bêta Β / β
91%
delta Δ / δ
89%
kappa Κ / κ
87%
iota Ι / ι
84%
mu Μ / μ
83%
pi Π / π
83%
tau Τ / τ
83%
epsilon Ε / ε
82%
oméga Ω / ω
80%
omicron Ο / ο
77%
lambda Λ / λ
76%
zêta Ζ / ζ
75%
nu Ν / ν
75%
sigma Σ / σ
75%
rhô Ρ / ρ
71%
gamma Γ / γ
69%
upsilon Υ / υ
67%
phi Φ / φ
66%
thêta Θ / θ
57%
psi Ψ / ψ
55%
khi Χ / χ
42%
êta Η / η
38%
xi Ξ / ξ
29%
Aucun quiz correspondant
Distribution des résultats
% des personnes avec chaque résultat
Percentile par nombre de réponses
Votre historique - résultats
Vous n’avez pas pris ce quiz